000 01210cam a2200337 i 4500
001 13229
003 BD-RjUL
005 20211208235425.0
008 140130s1975 enkaf b 001 0 eng
020 _a0521206294
035 _a(BD-RjUL)13280
040 _aDLC
_cDLC
_dBD-RjUL
_beng
041 _aeng
082 0 0 _a598.2149
_bPES 1975
100 1 _aPeaker, Malcolm.
_941192
245 1 0 _aSalt glands in birds and reptiles /
_cM. Peaker and J. L. Linzell.
260 _aCambridge [Eng.] ;
_aNew York :
_bCambridge University Press,
_cc1975.
300 _axi, 307 p., [8] leaves of plates :
_bill. ;
_c23 cm.
490 1 _aMonographs of the Physiological Society ; no. 32
500 _aIncludes indexes.
504 _aBibliography: p. 270-292.
650 0 _aSalt gland.
_941193
830 0 _vno. 32.
_941209
700 1 _aLinzell, J. L.,
_ejoint author.
_941195
830 0 _aMonographs of the Physiological Society ;
_934888
856 4 1 _3Table of contents only
_uhttp://www.loc.gov/catdir/enhancements/fy0916/75314900-t.html
856 4 2 _3Publisher description
_uhttp://www.loc.gov/catdir/enhancements/fy0916/75314900-d.html
942 _2ddc
_cBK
999 _c13229
_d13229